Normal view
MARC view
Entry Personal Name
001 - CONTROL NUMBER
- control field: 840338
003 - CONTROL NUMBER IDENTIFIER
- control field:
005 - DATE AND TIME OF LATEST TRANSACTION
- control field: 20210627082107.0
008 - FIXED-LENGTH DATA ELEMENTS
- fixed length control field: 210627|| aca||aabn | a|a d
040 ## - CATALOGING SOURCE
- Original cataloging agency:
- Transcribing agency:
100 ## - HEADING--PERSONAL NAME
- Personal name: Badhwar, R. L
670 ## - SOURCE DATA FOUND
- Source citation: Work cat.: ()725551: Badhwar, R. L., Rauwolfia Serpentina the wonder drug of india /, 1955
